Carregant...

Volterra equations

Dades bibliogràfiques
Altres autors: Londen, Stig-Olof (Editor)
Format: Printed Book
Publicat: Springer-Verlag, Berlin 1979
Col·lecció:Lecture Notes in Mathematics, No.0737
Matèries:
LEADER 00526nam a2200169 4500
082 |a R LNM.0737 
100 |a Londen, Stig-Olof,   |e Editor 
245 |a Volterra equations  |c Stig-Olof Londen  
250
260 |a Springer-Verlag, Berlin  |c 1979 
300
490 |a Lecture Notes in Mathematics, No.0737 
650 |a Lecture Notes in Mathematics 
700 |e Editor 
942 |c BK 
999 |c 201768  |d 201768 
952 |0 0  |1 0  |4 0  |6 R_LNM_0737_000000000000000  |7 0  |9 215117  |a MAT  |b MAT  |l 0  |o R LNM.0737  |p MAT2865  |r 2019-11-01  |w 2019-11-01  |y BK